000 00505nam a2200205Ia 4500
005 20240823025026.0
008 240823s9999||||xx |||||||||||||| ||und||
020 _a81-314-0358-0
041 _aENGLISH
082 _A341.37 P6
100 _aRajarajan T R
245 0 _aKyoto Protocol Socio-Economic Impact
250 _a1st
260 _c2006
_bICFAI University
500 _aYES
650 _aHyoto Protocol
_bManagement Studies
700 _a Priya Raju Ed.
942 _cBK
999 _c185322
_d185322